Ships and fire (Record no. 4608)

000 -LEADER
fixed length control field 00446nam a22001697a 4500
008 - FIXED-LENGTH DATA ELEMENTS--GENERAL INFORMATION
fixed length control field 200814b ||||| |||| 00| 0 eng d
082 00 - DEWEY DECIMAL CLASSIFICATION NUMBER
Classification number 623.8650223
Item number J561
100 ## - MAIN ENTRY--PERSONAL NAME
9 (RLIN) 3590
Personal name Jerome, J. A.
245 10 - TITLE STATEMENT
Title Ships and fire
250 ## - EDITION STATEMENT
Edition statement 2nd ed.
260 ## - PUBLICATION, DISTRIBUTION, ETC. (IMPRINT)
Place of publication, distribution, etc London
Name of publisher, distributor, etc Birchall
Date of publication, distribution, etc 1961
300 ## - PHYSICAL DESCRIPTION
Extent 74 p.
365 ## - TRADE PRICE
Unit of pricing 1.60
650 #0 - SUBJECT ADDED ENTRY--TOPICAL TERM
Topical term or geographic name as entry element Ships-- Fires and Fire Prevention
700 ## - ADDED ENTRY--PERSONAL NAME
9 (RLIN) 3674
Personal name Henderson, Norman.
942 ## - ADDED ENTRY ELEMENTS (KOHA)
Item type Books
Holdings
Withdrawn status Lost status Source of classification or shelving scheme Damaged status Not for loan Permanent location Current location Date acquired Full call number Barcode Date last seen Koha item type
          IMU Kolkata IMU Kolkata 1962-04-21 623.8650223 J561 02796 2020-08-14 Books
Designed and Maintained by IMU-KC Library, Kolkata Campus © Copyright All Rights Reserved

webs counters

Powered by Koha